[Event "Manfred-Bosbach-Turnier (45.OStM)"]
[Site "Bergisch Gladbach"]
[Date "2025.10.24"]
[Round "6.10"]
[White "Zimmermann, Wolfgang"]
[Black "Pfennig, Dieter"]
[Result "0-1"]
[WhiteElo "1134"]
[BlackElo "1140"]
[PlyCount "91"]
[EventDate "2025.??.??"]
[EventRounds "7"]
[SourceVersionDate "2025.09.08"]

1. d4 d5 2. c4 dxc4 3. e4 e6 4. Bxc4 Nc6 5. Nf3 Nf6 6. Bg5 Be7 7. Nc3 h6 8. Be3
Na5 9. Be2 Bb4 10. Qc2 b6 11. a3 Bxc3+ 12. bxc3 Bb7 13. Nd2 O-O 14. O-O Qe7 15.
c4 Ba6 16. Rfe1 Rac8 17. e5 Nd7 18. Bd3 c5 19. Qa4 Bb7 20. Be4 Bxe4 21. Nxe4
cxd4 22. Nd6 Nc5 23. Nxc8 Rxc8 24. Qd1 dxe3 25. Rxe3 Nxc4 26. Re2 Rd8 27. Qc2
Na5 28. Qb2 Nc6 29. Qc2 Nd4 30. Qb2 Nxe2+ 31. Qxe2 Qg5 32. g3 Rd2 33. f4 Rxe2
34. fxg5 hxg5 35. a4 Rxe5 36. a5 b5 37. Rc1 f5 38. h3 Nb3 39. Rc8+ Kh7 40. a6
Rc5 41. Rb8 Nd4 42. Rb7 Nc6 43. Rc7 Rc4 44. Kf2 Kg6 45. Ke3 b4 46. Kd3 0-1

[Event "Manfred-Bosbach-Turnier (45.OStM)"]
[Site "Bergisch Gladbach"]
[Date "2025.10.31"]
[Round "7.3"]
[White "Themm, Rainer"]
[Black "Schäde, Maximilian"]
[Result "0-1"]
[WhiteElo "1797"]
[BlackElo "1734"]
[PlyCount "44"]
[EventDate "2025.??.??"]
[EventRounds "7"]
[SourceVersionDate "2025.09.08"]

1. e4 c5 2. Nf3 d6 3. d4 cxd4 4. Nxd4 Nf6 5. Nc3 g6 6. Bd3 Bg7 7. f3 O-O 8. Be3
Nc6 9. Qd2 d5 10. exd5 Nxd5 11. Nxc6 bxc6 12. Nxd5 cxd5 13. O-O-O Rb8 14. b3
Qd6 15. c3 Bd7 16. Bf4 e5 17. Bh6 Qa3+ 18. Kb1 Bxh6 19. Qxh6 Rxb3+ 20. axb3
Qxb3+ 21. Kc1 Qxc3+ 22. Bc2 Rc8 0-1

[Event "Manfred-Bosbach-Turnier (45.OStM)"]
[Site "Bergisch Gladbach"]
[Date "2025.10.31"]
[Round "7.4"]
[White "Eilers, Jochen"]
[Black "Rosenauer, Horst"]
[Result "0-1"]
[WhiteElo "1923"]
[BlackElo "1850"]
[PlyCount "76"]
[EventDate "2025.??.??"]
[EventRounds "7"]
[SourceVersionDate "2025.09.08"]

1. e4 c6 2. d4 d5 3. e5 Bf5 4. c4 e6 5. Nc3 Bb4 6. Qb3 a5 7. cxd5 Qxd5 8. Qxd5
cxd5 9. Bb5+ Nc6 10. Nge2 Nge7 11. O-O O-O 12. Na4 Nc8 13. a3 Be7 14. Be3 N6a7
15. Bd7 Bd3 16. Rfe1 Rd8 17. Bxc8 Raxc8 18. Nac3 b5 19. Nc1 Bg6 20. Nb3 a4 21.
Nd2 Rd7 22. f4 Bd3 23. Nf3 Nc6 24. Red1 Bc4 25. Nd2 Na5 26. Kf2 Bd3 27. g4 Nc4
28. Nxc4 Bxc4 29. Kf3 f6 30. exf6 gxf6 31. Bf2 Kf7 32. Re1 Bd6 33. Bg3 Re8 34.
Re3 Rde7 35. Rae1 Bb8 36. f5 Bxg3 37. fxe6+ Rxe6 38. Rxe6 Bxe1 0-1

[Event "Manfred-Bosbach-Turnier (45.OStM)"]
[Site "Bergisch Gladbach"]
[Date "2025.10.31"]
[Round "7.5"]
[White "Harringer, Manfred"]
[Black "Lobbes, Frank"]
[Result "1/2-1/2"]
[WhiteElo "1971"]
[BlackElo "1817"]
[PlyCount "70"]
[EventDate "2025.??.??"]
[EventRounds "7"]
[SourceVersionDate "2025.09.08"]

1. e4 e5 2. Nf3 Nc6 3. d4 exd4 4. Nxd4 Bc5 5. Be3 Qf6 6. c3 Bb6 7. Bc4 Nge7 8.
O-O Ne5 9. Bb3 d6 10. Nd2 Ng4 11. h3 Nxe3 12. fxe3 Qg5 13. Bxf7+ Kd8 14. Qf3
Ng6 15. Bxg6 hxg6 16. Qf4 Qe7 17. Nc4 Bd7 18. a4 Re8 19. b4 Bxd4 20. exd4 Qxe4
21. Qxe4 Rxe4 22. Rf8+ Re8 23. Rf7 Be6 24. Rxg7 Bxc4 25. Rxg6 Kd7 26. h4 Rg8
27. Rxg8 Rxg8 28. Kf2 Bd5 29. Rg1 Rg4 30. g3 c5 31. Ke3 cxb4 32. cxb4 Be4 33.
h5 d5 34. Kf2 Ke7 35. Rc1 Kd6 1/2-1/2

[Event "Manfred-Bosbach-Turnier (45.OStM)"]
[Site "Bergisch Gladbach"]
[Date "2025.10.31"]
[Round "7.6"]
[White "Schüler, Hans-Ulrich"]
[Black "Radovinski, Jewgeni"]
[Result "1/2-1/2"]
[WhiteElo "1885"]
[BlackElo "1543"]
[PlyCount "20"]
[EventDate "2025.??.??"]
[EventRounds "7"]
[SourceVersionDate "2025.09.08"]

1. e4 c5 2. a3 Nc6 3. b4 Nf6 4. b5 Ne5 5. d4 cxd4 6. Qxd4 d6 7. f4 Ng6 8. Bc4
e5 9. fxe5 Nxe5 10. Be2 Nfg4 1/2-1/2

[Event "Manfred-Bosbach-Turnier (45.OStM)"]
[Site "Bergisch Gladbach"]
[Date "2025.10.31"]
[Round "7.7"]
[White "Klein, Dieter"]
[Black "Schneider, Erich"]
[Result "1-0"]
[WhiteElo "1502"]
[BlackElo "1252"]
[PlyCount "55"]
[EventDate "2025.??.??"]
[EventRounds "7"]
[SourceVersionDate "2025.09.08"]

1. e4 c5 2. c3 d5 3. e5 Nc6 4. d4 cxd4 5. cxd4 Bf5 6. Bb5 a6 7. Bxc6+ bxc6 8.
Nf3 e6 9. O-O c5 10. Nc3 cxd4 11. Nxd4 Bg6 12. Be3 Qd7 13. Rc1 Bc5 14. Na4 Ba7
15. Nc5 Bxc5 16. Rxc5 Ne7 17. Qc1 Rc8 18. Nb3 O-O 19. Qd2 Nc6 20. f4 Ra8 21.
Rfc1 Rfc8 22. Qc3 Ne7 23. Bf2 Rcb8 24. Rc7 Qe8 25. Bc5 Nc8 26. Bd6 Nxd6 27.
exd6 Qd8 28. d7 1-0

[Event "Manfred-Bosbach-Turnier (45.OStM)"]
[Site "Bergisch Gladbach"]
[Date "2025.10.31"]
[Round "7.8"]
[White "Pfennig, Dieter"]
[Black "Aljalam, Yamen"]
[Result "0-1"]
[WhiteElo "1140"]
[BlackElo "1410"]
[PlyCount "50"]
[EventDate "2025.??.??"]
[EventRounds "7"]
[SourceVersionDate "2025.09.08"]

1. e4 e6 2. d4 d5 3. Nc3 Nf6 4. Bg5 Be7 5. Bxf6 Bxf6 6. e5 Be7 7. Nf3 c5 8.
dxc5 Bxc5 9. Nd4 Nc6 10. Bb5 Bd7 11. Nxc6 Bxc6 12. Bxc6+ bxc6 13. O-O O-O 14.
Ne2 Qb6 15. Rb1 a5 16. a3 a4 17. c3 Qc7 18. Nd4 Ra6 19. Re1 Rb8 20. Qc2 Be7 21.
Kf1 c5 22. Nf3 Qa5 23. Red1 Rab6 24. Rd2 c4 25. Nd4 Bxa3 0-1

[Event "Manfred-Bosbach-Turnier (45.OStM)"]
[Site "Bergisch Gladbach"]
[Date "2025.10.31"]
[Round "7.9"]
[White "Hoferichter, Michael"]
[Black "Handel, Heinz"]
[Result "1-0"]
[WhiteElo "1386"]
[BlackElo "1134"]
[PlyCount "117"]
[EventDate "2025.??.??"]
[EventRounds "7"]
[SourceVersionDate "2025.09.08"]

1. e4 d6 2. d4 Nf6 3. Nc3 g6 4. Nf3 Bg4 5. Be2 Bxf3 6. Bxf3 Bg7 7. Be3 c6 8.
O-O O-O 9. Qd2 Qd7 10. h3 e5 11. Rad1 Qe7 12. dxe5 dxe5 13. Bh6 Nbd7 14. Bg5
Rad8 15. Qd6 Qe8 16. Qc7 Nc5 17. Qa5 Ne6 18. Bxf6 Bxf6 19. Qxa7 b5 20. Rxd8
Bxd8 21. Rd1 Nd4 22. Ne2 Nxf3+ 23. gxf3 Qe6 24. Kg2 Bf6 25. b3 Bg7 26. Qc7 Rc8
27. Rd8+ Rxd8 28. Qxd8+ Bf8 29. Qd3 Qf6 30. a4 bxa4 31. bxa4 Qg5+ 32. Kf1 Qh4
33. Ng1 Bc5 34. Qe2 Bb6 35. c4 g5 36. Qd2 Kg7 37. a5 Bd4 38. a6 Qf4 39. Qxf4
gxf4 40. Ne2 Ba7 41. Nc3 h5 42. h4 Kf6 43. Na4 Ke6 44. c5 Kd7 45. Ke2 Kc7 46.
Kd3 Kb8 47. Kc4 Kc7 48. Kb4 Kb8 49. Nb2 f6 50. Nc4 Kc7 51. Nd6 Kd7 52. Nf5 Kc7
53. Ng7 Bb6 54. cxb6+ Kxb6 55. Nxh5 Kxa6 56. Nxf6 Kb6 57. h5 c5+ 58. Kc4 Kc6
59. h6 1-0

[Event "Manfred-Bosbach-Turnier (45.OStM)"]
[Site "Bergisch Gladbach"]
[Date "2025.10.31"]
[Round "7.10"]
[White "Steinhausen, Karl-Heinz"]
[Black "Zimmermann, Wolfgang"]
[Result "1/2-1/2"]
[WhiteElo "1080"]
[BlackElo "1134"]
[PlyCount "72"]
[EventDate "2025.??.??"]
[EventRounds "7"]
[SourceVersionDate "2025.09.08"]

1. e4 c5 2. Nf3 Nc6 3. d3 e6 4. g3 Be7 5. Bg2 Nf6 6. O-O d5 7. Nbd2 O-O 8. Re1
b6 9. c3 Bb7 10. e5 Nd7 11. Nf1 Qc7 12. Bf4 Rac8 13. Qd2 a5 14. a3 Rfe8 15. h3
Nd8 16. d4 c4 17. N1h2 Nf8 18. Ng4 Ng6 19. Bg5 Nc6 20. Bxe7 Ncxe7 21. h4 Nf5
22. h5 Nf8 23. h6 Nd7 24. hxg7 Nxg7 25. Qg5 Kh8 26. Qh6 Nf5 27. Qh5 Rg8 28. Ng5
Rxg5 29. Qxg5 Rg8 30. Qh5 Rg7 31. Nh6 Nxh6 32. Qxh6 Qd8 33. Qf4 Nf8 34. Qe3 Ng6
35. Bf3 Nh4 36. Kf1 Nf5 1/2-1/2